| 000 | 01775cam a2200481 a 4500 | ||
|---|---|---|---|
| 001 | 20764 | ||
| 003 | VRT | ||
| 005 | 20260131121420.0 | ||
| 008 | 240226s1987 xo gr 000 f slo | ||
| 015 | _aSNBA1987/08 | ||
| 020 | _q(viazané) | ||
| 035 | _aSNK000028056 | ||
| 039 | 9 |
_a202512272108 _bAUTHORITY _c202406291201 _dcsnk01 _c202402262016 _dVLOAD _c202210261032 _dmsnk115 |
|
| 040 |
_aSNK _bslo _cSNK _eAACR2 |
||
| 041 | 1 |
_aslo _heng |
|
| 044 |
_axo _cSK |
||
| 072 | 7 |
_a821.111-3 _xAnglická próza, anglicky písaná _2konspekt |
|
| 080 |
_a820-3 _21997 |
||
| 080 |
_a821.111-31 _22011 |
||
| 080 |
_a(0:82-312.4) _22011 |
||
| 100 | 1 |
_aFrancis, Dick, _d1920-2010 _4aut |
|
| 245 | 1 | 0 |
_aDymová clona ; Bankár _cDick Francis ; z anglický originálov Smokescreen ... preložila Alexandra Ruppeldtová a Banker ... preložil Otokar Kořínek |
| 250 | _a1. vyd. | ||
| 260 |
_aBratislava _bPravda _c1987 _eBratislava _fPravda |
||
| 300 |
_a454 strán _c21 cm |
||
| 366 | _e78000 výtl. | ||
| 490 | 1 | _aČlenská knižnica Pravda | |
| 500 | _aDokument obsahuje 2 diela | ||
| 655 | 7 |
_aanglické romány _2SNKPH |
|
| 655 | 7 |
_adetektívne romány _2SNKPH |
|
| 700 | 1 |
_aRuppeldtová, Alexandra, _d1954- _4trl |
|
| 700 | 1 |
_aKořínek, Otakar, _d1946-2025 _4trl |
|
| 700 | 1 | 2 |
_aFrancis, Dick, _d1920-2010 _tSmokescreen _lSlovensky |
| 700 | 1 | 2 |
_aFrancis, Dick, _d1920-2010 _tBanker _lSlovensky |
| 740 | 0 | 2 | _aBankár |
| 830 | 0 | _aČlenská knižnica Pravda | |
| 942 |
_2ddc _cKLDO _n0 |
||
| 949 |
_63830001087599 _akurukT1/FRAN2-1 _bkuruk2013/F10391 |
||
| 949 |
_617A0930321 _asnkSC 68835 _bsnkKSP 4815/87 _s6100:20220922 |
||
| 949 |
_617A0301356 _9P60, <05>, [BOOK], {605} _asnkSC 68835 D1 |
||
| 999 |
_c20764 _d20764 |
||